[Event "Sautron op 14th"]
[Site "Sautron"]
[Date "2014.10.25"]
[Round "5"]
[White "Terrieux, Kevin"]
[Black "Delorme, Alban"]
[Result "1-0"]
[WhiteElo "2409"]
[BlackElo "2317"]
[Annotator "RR"]
[PlyCount "95"]
[EventDate "2014.10.26"]
[EventType "swiss"]
[EventRounds "9"]
[EventCountry "FRA"]
[SourceTitle "EXT 2015"]
[Source "ChessBase"]
[SourceDate "2014.11.20"]
[SourceVersion "1"]
[SourceVersionDate "2014.11.20"]
[SourceQuality "1"]
[TimeControl "40/5400+30:1800+30"]
[WhiteClock "0:28:51"]
[BlackClock "0:52:22"]

1. d4 {[%emt 0:00:00]} d5 {[%emt 0:09:18]} 2. c4 {[%emt 0:00:52]} e6 {[%emt 0:
00:12]} 3. Nc3 {[%emt 0:00:12]} Be7 {[%emt 0:00:50]} 4. Nf3 {[%emt 0:00:26]}
Nf6 {[%emt 0:03:58]} 5. Bg5 {[%emt 0:00:25]} h6 {[%emt 0:02:41]} 6. Bh4 {
[%emt 0:00:08]} O-O {[%emt 0:02:13]} 7. e3 {[%emt 0:00:13]} b6 {[%emt 0:02:47]}
8. Rc1 {[%emt 0:07:59]} Bb7 {[%emt 0:00:43]} 9. cxd5 {[%emt 0:00:15]} (9. Bxf6)
9... exd5 {[%emt 0:00:33]} 10. Bd3 {[%emt 0:00:25]} Nbd7 {[%emt 0:01:15]} 11.
O-O {[%emt 0:00:42]} Ne4 {[%emt 0:02:18]} 12. Bxe7 {[%emt 0:22:26]} (12. Bg3 c5
13. Qe2 $14) 12... Qxe7 {[%emt 0:00:14]} 13. Qa4 $5 {[%emt 0:16:05][%csl Ra6,
Rc6]} c5 {[%emt 0:04:10]} 14. Ba6 {[%emt 0:02:58]} Ndf6 {[%emt 0:10:54]} 15.
Bxb7 {[%emt 0:07:46]} Qxb7 {[%emt 0:00:25]} 16. dxc5 {[%emt 0:00:38]} (16. Ne5
Rac8 17. Rfd1 c4 18. Nxe4 Nxe4 19. Qb4 a5 20. Qb5 Nd6 21. Qd7 Rfd8 22. Qxb7
Nxb7 23. a4 Nd6 24. f3 f6 25. Ng6 Kf7 26. Nf4 Nf5 27. Kf2 g5 28. Ne2 Ne7 29.
Nc3 f5 30. Rb1 Nc6 31. Na2 Nb4 32. Nc3 Rc6 33. Ke2 Re6 34. Kd2 Rde8 35. Re1 Kg6
36. Re2 h5 37. Rf1 Rd8 38. g3 g4 39. Rg2 Rde8 40. fxg4 hxg4 41. Re2 Rd8 42.
Ref2 Rf8 43. Rf4 Rff6 44. R4f2 Rf8 45. Ne2 Nd3 {Gunina,V (2448)-Kosintseva,N 
(2533) Moscow 2010 1-0 (92)}) 16... bxc5 {[%emt 0:00:47]} 17. b3 $146 {[%emt 0:
00:45]} (17. Qc2 Rac8 18. Rfd1 Rfe8 19. Qb3 Qc6 20. Nxe4 Nxe4 21. Qc2 Qe6 22.
Qd3 d4 23. exd4 Qxa2 24. Nd2 Qd5 25. Nxe4 Rxe4 26. Qa6 Rc6 27. Qxa7 c4 28. Rc3
h5 29. Rf3 h4 30. Qa8+ Kh7 31. h3 Ree6 32. Qf8 Rg6 33. Qxf7 Qg5 34. g4 hxg3 35.
Rxg3 Qh5 36. Rf1 Rcf6 37. Qxc4 Qxh3 38. Qd3 Rf5 39. Re1 Rxg3+ 40. Qxg3 Qh6 41.
Re5 Qc1+ 42. Kg2 Rxe5 43. Qxe5 Qxb2 44. Qf5+ Kg8 45. d5 Qb6 46. Kf3 Qd4 {
Gosset,A (2213)-Shirazi,K (2352) Paris 2011 1-0}) 17... Qb4 {[%emt 0:02:52]}
18. Qxb4 {[%emt 0:06:15]} cxb4 {[%emt 0:00:20]} 19. Na4 {[%emt 0:00:09]} Rac8 {
[%emt 0:00:51]} 20. Nd4 $14 {[%emt 0:00:34][%csl Gd4][%cal Gd4f5,Gd4c6,Gf2f3]}
Rfe8 {[%emt 0:09:17]} 21. f3 {[%emt 0:11:14]} Nd6 {[%emt 0:05:00]} 22. Kf2 {
[%emt 0:00:09]} Nd7 {[%emt 0:00:37]} 23. Nc6 $1 {[%emt 0:02:26]} Nf5 {[%emt 0:
04:59]} (23... h5) 24. g4 $1 {[%emt 0:01:49]} Nd6 {[%emt 0:02:53]} 25. Rfd1 {
[%emt 0:00:40]} Ne5 {[%emt 0:01:01]} 26. Nxe5 {[%emt 0:01:20]} Rxc1 {[%emt 0:
00:18]} 27. Rxc1 {[%emt 0:00:06]} Rxe5 {[%emt 0:00:02]} 28. Rc6 {[%emt 0:02:47]
} Nb5 {[%emt 0:00:44]} 29. Rc5 {[%emt 0:00:23]} a6 {[%emt 0:00:21]} 30. Rc8+ {
[%emt 0:02:46]} Kh7 {[%emt 0:00:02]} 31. Rc6 {[%emt 0:00:17]} d4 {[%emt 0:00:
09]} 32. e4 {[%emt 0:00:40]} Nc3 {[%emt 0:00:35]} 33. Rxa6 {[%emt 0:03:55]}
Nxa2 {[%emt 0:01:04]} 34. Rd6 {[%emt 0:04:18]} Nc1 {[%emt 0:01:12]} 35. Rxd4 {
[%emt 0:00:08]} Rb5 {[%emt 0:01:18]} (35... Nxb3 36. Rxb4 Nc5) 36. Rd5 {
[%emt 0:00:12]} Rxd5 {[%emt 0:02:48]} 37. exd5 {[%emt 0:00:05]} Nxb3 {[%emt 0:
00:08]} 38. Ke3 {[%emt 0:01:36]} Kg6 {[%emt 0:00:27]} 39. Nb2 {[%emt 0:01:54]}
Kf6 {[%emt 0:01:07]} 40. Nd3 {[%emt 0:00:00]} g5 {[%emt 0:00:00]} (40... Ke7
41. f4) 41. f4 {[%emt 0:01:34]} gxf4+ $6 {[%emt 0:05:10]} (41... Ke7) 42. Kxf4
{[%emt 0:00:27]} Ke7 {[%emt 0:01:09]} 43. Nxb4 {[%emt 0:03:51]} Nd4 {[%emt 0:
01:26]} 44. Nc6+ {[%emt 0:01:19]} Kd6 45. Nb4 Nb3 46. Kf5 Nd4+ 47. Kf4 Nb3 48.
h4 1-0

[Event "Bundesliga 0304"]
[Site "Germany"]
[Date "2004.03.07"]
[Round "10.1"]
[White "Rogozenco, Dorian"]
[Black "Kasimdzhanov, Rustam"]
[Result "1/2-1/2"]
[WhiteElo "2517"]
[BlackElo "2668"]
[Annotator "Rogozenco,D"]
[PlyCount "85"]
[EventDate "2003.11.01"]
[EventType "team-tourn"]
[EventRounds "15"]
[EventCountry "GER"]
[SourceTitle "CBM 100"]
[Source "ChessBase"]
[SourceDate "2004.06.01"]
[SourceVersion "1"]
[SourceVersionDate "2004.06.01"]
[SourceQuality "1"]
[WhiteTeam "Neukoelln"]
[BlackTeam "Solingen"]
[WhiteTeamCountry "GER"]
[BlackTeamCountry "GER"]

1. d4 d5 2. c4 e6 3. Nc3 Be7 4. Nf3 Nf6 5. Bg5 h6 6. Bh4 O-O 7. e3 b6 8. Bd3
Nbd7 9. O-O Bb7 10. Qe2 dxc4 11. Bxc4 Ne4 12. Bg3 Nxc3 13. bxc3 Nf6 14. Rfd1
Ne4 $11 15. Rac1 {A novelty, which does not change the evaluation of the
position as being equal.} (15. Qc2 Nxg3 16. hxg3 c5 17. d5 Bxd5 18. e4 Bxc4 19.
Rxd8 Rfxd8 20. Rd1 Bb5 21. Rxd8+ Rxd8 22. Ne5 Be8 23. a4 a6 24. c4 Bd6 25. Nf3
Bc6 $15 {1/2-1/2 Babula,V-Kasimdzhanov,R/Germany 2000 (45)}) 15... Ba3 16. Rc2
Bd6 17. Ba6 (17. Bh4 $5 Be7 $11) 17... Qc8 18. Bxb7 Qxb7 19. c4 Bxg3 (19... c5
$2 20. Bxd6 Nxd6 21. dxc5 {[%cal Gd1d6]}) 20. hxg3 c5 21. Ne5 (21. d5 $6 exd5
22. Rxd5 Rad8 $5 {[%csl Rc2]} 23. Qd3 Qe7 $15) 21... Qc7 $1 (21... Rfd8 22. Qf3
$1 {and the pin on the long diagonal is slightly unpleasant for Black.}) 22.
Qf3 Nf6 23. Qf4 (23. Qc6 Qb8 $1 {[%cal Gf8c8]}) 23... Rad8 24. Rcd2 cxd4 25.
exd4 Rfe8 {The position is still equal, but it is rather White who must be
more careful because of the potential weaknesses of his central pawns.} 26. Rd3
Nh7 {A demonstration that Black is slightly better. White must watch out ...f6
followed by the trade of queens, when the endgame clearly favours Black.} 27.
c5 {Trying to use the fact that the knight is on h7. Now in endgame the passed
c-pawn may count.} Nf6 $1 (27... bxc5 28. dxc5 $14 {[%csl Gc5]}) (27... f6 $5
28. Nf3 (28. Nc4 $2 {[%csl Rd6]} Qxf4 29. gxf4 bxc5 30. dxc5 Rxd3 31. Rxd3 Rc8
$17) 28... Qxf4 29. gxf4 {Thanks to the passed c-pawn and the position of the
knight on h7 White is slightly better.}) 28. Rc1 Nd5 $1 29. cxb6 Qb7 30. Qf3
axb6 31. Rdc3 Rf8 32. Rc4 (32. Rc7 $2 Qxc7 33. Rxc7 Nxc7 34. Qb7 Nd5 $17) 32...
Ra8 33. a4 Qe7 34. Qb3 h5 35. Nc6 Qg5 36. Ne5 Qe7 37. Nc6 Qg5 38. Ne5 g6 {
Black decides that he can play on without major risks, which is probably
correct. On the other hand with some accuracy White has no problems at all.}
39. Rc6 Qd2 40. R6c4 Rfd8 {The last move before the time control could have
costed Black.} (40... Ra7 $13) 41. Qf3 Rf8 42. Nd7 (42. Rc8 {Strangely, this
move which looks decisive, brings White nothing but troubles.} f6 43. Rd1 (43.
Rxf8+ Rxf8 {[%csl Rc1]}) 43... Qg5 {and everything is protected in Black's
camp, while only White can have problems coordinating his pieces.}) 42... Rfd8
(42... Rfe8 43. Nf6+ Nxf6 44. Qxf6 {[%cal Gc4c7]} Qh6 $8 $11 {[%cal Gh6g7]} (
44... Rxa4 $2 45. Rc8 Ra8 46. R1c7 $18)) 43. Ne5 1/2-1/2

[Event "Amsterdam Euwe Memorial"]
[Site "Amsterdam"]
[Date "1991.??.??"]
[Round "9"]
[White "Karpov, Anatoly"]
[Black "Short, Nigel D"]
[Result "1/2-1/2"]
[WhiteElo "2725"]
[BlackElo "2635"]
[Annotator "Salov,V"]
[PlyCount "60"]
[EventDate "1991.05.??"]
[EventType "tourn"]
[EventRounds "9"]
[EventCountry "NED"]
[EventCategory "16"]
[SourceTitle "CBM 023"]
[Source "ChessBase"]
[SourceDate "1991.08.01"]
[SourceVersion "1"]
[SourceVersionDate "1991.08.01"]
[SourceQuality "1"]

1. d4 {Ftacnik} Nf6 2. c4 e6 3. Nf3 d5 4. Nc3 Be7 5. Bg5 h6 6. Bh4 O-O 7. e3 b6
8. Be2 Bb7 9. Bxf6 Bxf6 10. cxd5 exd5 11. b4 c6 (11... c5 $10) 12. O-O Re8 (
12... a5 13. a3 Qd6 14. Qb3 axb4 15. axb4 Nd7 16. Rfd1 Rxa1 17. Rxa1 Be7 18.
Ra7 Rb8 $10 {Estevez-Karpov,Leningrad 1973}) 13. Qb3 a5 $5 (13... Qd6 14. a4
Nd7 15. a5 Rad8 16. axb6 axb6 17. Ra7 Qb8 18. Ra2 $14 {Nikolic-Short,Manila
1990}) (13... Nd7 {Ftacnik} 14. Rad1 a6 15. a4 Nf8 16. a5 $1 bxa5 17. bxa5 Rb8
18. Na4 $1 $16 {Kasparov,G-Ehlvest,J/Belgrade/1989/}) 14. a3 (14. bxa5 Rxa5 15.
a4 $10) 14... Nd7 15. b5 c5 $8 16. Nxd5 Bxd4 $8 (16... Bxd5 17. Qxd5 cxd4 18.
Nxd4 Nc5 19. Bf3 $16) (16... cxd4 $2 {Ftacnik} 17. Nxf6+ Nxf6 18. Nxd4 $16) 17.
Rad1 (17. exd4 {Ftacnik} Rxe2 18. Ne3 Bxf3 19. gxf3 cxd4 20. Qd3 Rb2 21. Qxd4
Rxb5 $15) 17... Ne5 $1 (17... Nf6 {Ftacnik} 18. Nxf6+ Qxf6 19. Nxd4 cxd4 20.
Rxd4 $16) 18. Nxe5 (18. exd4 {Ftacnik} Bxd5 19. Qc3 Nxf3+ 20. Bxf3 Bxf3 21.
dxc5 Qg5 22. Qxf3 Qxc5 $10) 18... Bxd5 19. Nc4 (19. Bc4 $2 Rxe5 20. exd4 Bxc4 (
20... Qg5 {Ftacnik} 21. Bxd5 Rxd5 $10) 21. Qxc4 Rd5 $17) 19... Qg5 20. g3 Qf5
21. Rfe1 (21. exd4 $2 {Ftacnik} Rxe2 22. dxc5 Qe4 $19) 21... Qe4 22. f3 Qxe3+
$1 (22... Bxc4 23. Bxc4 Qxe3+ (23... Bxe3+ 24. Kg2 Qe7 25. Rd3 $18) 24. Rxe3
Rxe3 25. Bxf7+ Kf8 26. Qd5 Re5+ 27. Rxd4 Rxd5 28. Bxd5 $18) (22... Bxe3+ {
Ftacnik} 23. Qxe3 Qxc4 24. Qxe8+ Rxe8 25. Bxc4 Rxe1+ 26. Rxe1 Bxc4 27. Re8+ Kh7
28. Rb8 Bxb5 29. Rxb6 $18) 23. Qxe3 Rxe3 24. Nxe3 Bxe3+ 25. Kf1 $1 (25. Kg2 Bd4
26. Rxd4 cxd4 27. Rd1 Rd8 $17) 25... Bd4 26. Rxd4 $1 (26. Rd3 {Ftacnik} Rd8 27.
Red1 Bc4 $36) 26... cxd4 27. Rd1 Rc8 28. Rxd4 Rc5 29. f4 Kf8 30. Bd3 Ke7 {
The final position is clearly preferable for Black; the draw was agreed prema-
turely} 1/2-1/2

[Event "EU-ch (Women) 15th"]
[Site "Plovdiv"]
[Date "2014.07.10"]
[Round "5"]
[White "Dzagnidze, Nana"]
[Black "Mkrtchian, Lilit"]
[Result "1-0"]
[WhiteElo "2541"]
[BlackElo "2446"]
[Annotator "Schulz,Andre"]
[PlyCount "81"]
[EventDate "2014.07.06"]
[EventType "swiss"]
[EventRounds "11"]
[EventCountry "BUL"]
[SourceTitle "CBM 162"]
[Source "ChessBase"]
[SourceDate "2014.09.17"]
[SourceVersion "1"]
[SourceVersionDate "2014.09.17"]
[SourceQuality "1"]

1. d4 Nf6 2. c4 e6 3. Nf3 d5 4. Nc3 Be7 5. Bg5 h6 6. Bh4 O-O 7. e3 b6 {Die
gute alte Taratkowervariante ist etwas außer Mode, aber immer noch eine
solide Wahl.} 8. Bd3 Bb7 9. O-O Nbd7 10. Rc1 ({Oder} 10. Qe2 c5 11. Rfd1 Ne4
12. Bg3 Nxg3 13. hxg3 cxd4 14. Nxd4 Nf6 15. Rac1 Bb4 16. cxd5 Bxc3 17. Rxc3
Nxd5 18. Rcc1 Rc8 19. Ba6 {1/2-1/2 (19) Novikov,I (2420)-Lputian,S (2540) Lvov
1984}) 10... c5 11. cxd5 Nxd5 12. Bg3 cxd4 13. Nxd5 Bxd5 14. Bc7 Qe8 15. Nxd4 (
{Ebenfalls schon probiert wurde:} 15. e4 Bb7 16. Nxd4 Rc8 17. Bb5 Bc5 18. Bg3
a6 19. Ba4 Bxe4 20. Re1 Bd5 21. Nf5 Qd8 22. Bh4 Nf6 23. Ne3 b5 24. Bc2 Bb4 25.
Ng4 Bxe1 26. Nxf6+ gxf6 27. Qg4+ Kh8 28. Qf4 Bd2 29. Qxd2 Kg7 30. Bd3 Rh8 31.
Rd1 Qc7 32. Bb1 Qe5 {0-1 (32) Gelashvili,T (2576)-Lputian,S (2634) Mallorca
2004}) ({und auch:} 15. exd4 Bd8 16. Bg3 a6 17. a3 Qe7 18. Bh4 Nf6 19. Ne5 {
1/2-1/2 (21) Chiburdanidze,M (2510)-Portisch,L (2512) Bazna 2007}) 15... Bd8 {
Schwarz möchte den Eindringling loswerden. Der Zug hat aber Nachteile.} ({
Auch nach} 15... Nc5 16. Bb5 {hat Weiß etwas Initiative:} Qc8 17. Be5 a6 18.
Bc4 Qb7 19. b4 Bxc4 20. Rxc4 Qd5 21. Nf5 Qxc4 22. Nxe7+ Kh8 23. bxc5 Qxc5 24.
Qa1 Qxe7 25. Bxg7+ Kh7 26. Bxf8 Rxf8 27. Qb1+ Kg8 28. Qxb6 Qa3 29. Qb1 Rd8 30.
Rc1 Rd2 31. Rc8+ Kg7 32. Rc2 Rxc2 33. Qxc2 a5 34. g3 Qb4 35. Qd3 e5 36. Qd5 f6
37. Kg2 a4 38. h3 h5 39. Qd7+ Kg8 40. g4 Qe4+ 41. Kg3 Qb1 42. Qe8+ Kg7 43. Qe7+
Kg6 44. gxh5+ Kxh5 45. Qf7+ Qg6+ 46. Qxg6+ Kxg6 47. e4 Kg5 48. f4+ Kh5 49. a3
Kg6 50. Kg4 {1-0 (50) Oll,L (2600)-Gomez,M Oviedo 1992}) ({Bewährt hat sich} 
15... Bc5 16. Nb5 (16. Bb5 Qe7 17. Bc6 Rac8 18. Bxd5 exd5 19. Bg3 Nf6 $11)
16... Qe7 17. Bg3 Nf6 18. Nc7 Rad8 19. Nxd5 Rxd5 20. Qe2 Rfd8 21. Rfd1 Nh5 {
1/2-1/2 (21) Babula,V (2571)-Zude,A (2398) Germany 2005}) 16. e4 Bb7 17. Bd6
Be7 18. Nb5 Rc8 19. Rxc8 Bxc8 20. e5 ({Der Bauerngewinn} 20. Bxe7 Qxe7 21. Nxa7
{wäre übereilt:} Bb7 22. Nb5 Rd8 23. Qe2 Ne5 24. Bc2 Ba6 25. a4 Qb4 $11)
20... Bb7 21. Qe2 Nc5 ({Der Befreiungsversuch} 21... a6 {scheiterte an} 22. Nc7
Qd8 23. Bxa6 $16) 22. Rc1 ({Nach} 22. Bb1 Qc6 23. f4 {hätte Schwarz} Ba6 {
z.B.:} 24. Bxe7 Bxb5 25. Qf3 Qxf3 26. Rxf3 Rc8 $11) 22... Qc6 23. Be4 Qxe4 24.
Qxe4 Nxe4 $2 ({Richtig war} 24... Bxe4 {denn nach} 25. Bxe7 Nd3 26. Rc7 Ra8 $11
{hängen außer a7 auch zwei weiße Bauern auf b2 und e5.}) 25. Bxe7 Rc8 26.
Rxc8+ Bxc8 27. Nxa7 $16 {mit Bauerngewinn.} Bd7 $6 ({Nicht viel besser war} 
27... Ba6 {Nach} 28. f3 Nc5 {Bei anderen Rückzügen wird der Springer
abgedrängt oder sogar gefangen.} 29. Bxc5 bxc5 {ist die Annäherung des
weißen Königs an den Bauern c5 verhindert. Weiß hat aber die Möglichkeit}
30. a4 Kf8 31. Nb5 {denn nach} Bxb5 32. axb5 Ke7 {kommt der weiße König
rechtzeitig zur Deckung des Bauern b5.} 33. Kf2 Kd7 34. Ke3 Kc7 35. Kd3 Kb6 36.
Kc4) ({Vielleicht war} 27... Bb7 28. f3 Nc5 29. Bxc5 bxc5 30. Nb5 {noch am
zähesten.}) 28. f3 {Nun zeigt sich ein weiteres Problem. Der Se4 gerät in
Schwierigkeiten.} Ng5 {Der Springer begibt sich nun auf Irrfahrt.} ({Nach} 
28... Nd2 29. b3 Kh7 30. Bb4 Nb1 31. Kf2 {ist der Springer gefangen.}) ({Und} 
28... Nc5 29. Bxc5 bxc5 {führt hier zum Verlust des Bauern c5} 30. Kf2 Kf8 31.
Ke3 Ke7 32. Kd3 Kd8 33. Kc4 $18) 29. Kf2 Nh7 30. Ke3 Nf8 31. Kd4 Ng6 32. Bd8
Nf4 33. Bxb6 ({Nicht} 33. g3 $2 Nd5 {und der weiße Vorteil ist nur noch
gering.}) 33... Nxg2 34. Bc5 Ne1 35. Ke4 Nc2 36. Kd3 Ne1+ 37. Ke2 Ng2 38. b4
Nf4+ 39. Kd2 Ng6 40. Bd6 Nh4 41. b5 (41. b5 Nxf3+ 42. Kc3 {und der Freibauer
kostet eine Figur.}) 1-0

[Event "Moscow Aeroflot op"]
[Site "Moscow"]
[Date "2002.02.08"]
[Round "6"]
[White "Rychagov, Andrey"]
[Black "Shabalov, Alexander"]
[Result "0-1"]
[WhiteElo "2544"]
[BlackElo "2606"]
[Annotator "Shabalov,A"]
[PlyCount "78"]
[EventDate "2002.02.04"]
[EventType "swiss"]
[EventRounds "9"]
[EventCountry "RUS"]
[SourceTitle "CBM 088"]
[Source "ChessBase"]
[SourceDate "2002.03.21"]
[SourceVersion "1"]
[SourceVersionDate "2002.03.21"]
[SourceQuality "1"]

1. d4 Nf6 2. c4 e6 3. Nc3 d5 4. Bg5 Be7 5. e3 O-O 6. Nf3 h6 7. Bh4 b6 8. Bd3 c5
$5 {Slightly unusual,but totally legitimate way to play the main line of QGD.}
9. O-O {Taking on c5 was tested twice.} (9. dxc5 bxc5 10. cxd5 Nxd5 11. Bxe7
Qxe7 12. Rc1 Rd8 13. Qe2 Bb7 14. O-O Nxc3 15. Rxc3 e5 {1/2-1/2 Novikov,
I-Shabalov,A/Koszalin 1999/CBM 73 (15).} 16. Nd2 e4 17. Bb5 a6 18. Ba4 Nc6 19.
Nb3 Ne5 20. Rxc5 Bd5 21. Qc2 Rab8 22. Nd4 Rxb2 23. Qxb2 Qxc5 $15 {1/2-1/2
Kacheishvili,G-Shabalov,A/Los Angeles 1998 (43)}) ({On} 9. cxd5 {black intends}
Nxd5) 9... cxd4 10. Nxd4 Bb7 11. Bxf6 Bxf6 12. cxd5 exd5 13. Nce2 {Even though
resulting position looks like typical isolated pawn structure from other QGD
variations, it's an original one. Playing all the "solid" moves, white soon
finds himself in a very passive situation.} (13. Qf3 Re8 14. Bb5 Re5 15. Rfd1
a6 16. Ba4 b5 17. Bb3 b4 18. Na4 Nd7 19. Rdc1 Re4 20. Qd1 Bxd4 21. exd4 Qf6 $15
{1/2-1/2 Ivanov,I-Shabalov,A/Los Angeles G/45 2000 (29). (29)}) 13... Nd7 14.
Rc1 Nc5 15. Bb1 $6 {White doesn't have enough resources to attack on b1-h7
diagonal. Better was} (15. a3) 15... a5 16. Nf4 g6 $1 17. Qg4 Bg7 18. Rfd1 Qg5
$15 19. Qe2 {To play the endgame against two bishops is no fun at all.} Rfe8
20. g3 Rad8 21. h4 Qf6 22. a3 {This move gives black a simple play on light
squares,but white was out of "useful" moves by now.} Ba6 23. Qg4 Bc4 24. b4 {
An attempt to get some space.White would eventually suffocate after} (24. Bc2
a4 25. Kg2 b5) 24... Nb3 25. Nxb3 Bxb3 26. Bc2 a4 $1 {Fixing white pawns on
Qside, this pawn is heading for b2. Quite possible that position like this is
still defendable in analysis, but in practical game white stands no chance.} (
26... Bxc2 27. Rxc2 d4 {was strong too, but it led to too many trades.}) 27.
Bxb3 axb3 28. Rb1 b2 29. Nxd5 Qe5 30. Qc4 Kh7 $1 {Preparing all kinds of
doubling on d-file.} 31. Qb3 Qe4 32. Nf4 b5 $1 {This is a final blow in
white's time trouble. The threat is Qc4 now and white cannot even sac an
exchange for b2 pawn.} 33. Rd3 (33. Nd3 Qc4 $19) 33... Rc8 34. Ne2 Red8 35.
Rxd8 Rxd8 36. Qa2 Rd2 37. Nd4 Bxd4 38. exd4 Qf5 39. f4 (39. Rf1 Rxf2) 39... Qe6
(39... Qd7 40. d5 Qh3 $19) 0-1

[Event "Belgrade Investbank"]
[Site "Belgrade"]
[Date "1995.??.??"]
[Round "3"]
[White "Shirov, Alexei"]
[Black "Beliavsky, Alexander G"]
[Result "1-0"]
[WhiteElo "2695"]
[BlackElo "2650"]
[Annotator "Shirov,A"]
[PlyCount "81"]
[EventDate "1995.11.??"]
[EventType "tourn"]
[EventRounds "11"]
[EventCountry "YUG"]
[EventCategory "17"]
[SourceTitle "CBM 051"]
[Source "ChessBase"]
[SourceDate "1996.04.01"]
[SourceVersion "1"]
[SourceVersionDate "1996.04.01"]
[SourceQuality "1"]

1. d4 {Giese} Nf6 2. c4 e6 3. Nf3 d5 4. Nc3 Be7 5. Bg5 h6 6. Bh4 O-O 7. e3 b6
8. Qb3 dxc4 9. Bxc4 Bb7 10. Ne5 $5 $146 (10. O-O) 10... Nfd7 $6 (10... Nbd7)
11. Nxf7 $1 Rxf7 $2 (11... Kxf7 12. Bxe6+ Ke8 13. Qc2 (13. Bg3 $5 $40) 13...
Bxh4 14. Qg6+ Ke7 15. Bd5 Rxf2 $1 16. Qe6+ Kf8 17. Qg8+ Ke7 18. Qxd8+ $5 (18.
Qe6+ Kf8 $10) 18... Kxd8 19. Bxb7 Rxg2+ 20. Kd1 Rxb2 21. Bxa8 $13) 12. Bxe6
Bxh4 $8 (12... Qf8 {Giese} 13. Bxf7+ Qxf7 14. Bxe7 $18) 13. Bxf7+ Kh8 14. Bd5
$18 Nc6 (14... c6 15. Bf3 $18) 15. Qa4 $2 (15. O-O Nf6 (15... Na5 16. Qc2 $18)
16. Bf3 Na5 17. Qd1 $18) 15... a6 $1 (15... Na5 16. Bxb7 Nxb7 17. O-O $18) 16.
O-O (16. Bxc6 {Giese} b5 17. Bxb5 axb5 18. Qxb5 Bxg2 19. Rg1 $16) 16... b5 17.
Qd1 $16 Nb6 18. Bf3 Qe8 19. a4 $1 b4 20. Ne2 Rd8 21. Nf4 Bg5 22. Nd3 a5 23. Re1
$2 (23. Rc1 $18) 23... Ba6 24. Nc5 Bc4 25. Nb7 Ra8 26. b3 $1 Bg8 27. Rc1 Nd5
28. Rc5 Nce7 29. Nxa5 $16 Rd8 30. Qd3 Ng6 31. Be4 Nh4 32. Nc6 Rd6 33. Ne5 Nc3
34. Rxc3 $6 (34. Bc6 $142 {/\a5+-}) 34... bxc3 35. Qxc3 Bf6 36. g3 Qh5 (36...
Bh7 37. Bxh7 Bxe5 38. gxh4 $18) (36... Bxe5 $142 37. dxe5 Bh7 38. Bh1 Rd3 39.
Qc4 Qxe5 $16) 37. gxh4 Bxe5 38. dxe5 Qg4+ (38... Bh7 39. Bg2 (39. exd6 Bxe4 40.
Rc1 Qg6+ 41. Kf1 Qg2+ 42. Ke2 $18) 39... Rg6 40. e4 $16) 39. Kf1 Rd1 40. Bg2
Bxb3 (40... Bh7 41. f3 $18) (40... Rxe1+ 41. Qxe1 Bxb3 42. a5 $18) 41. Qxb3 (
41. Qxb3 Rxe1+ 42. Kxe1 Qxg2 43. Qc4 $18) 1-0